Schaum's outline of theory and problems of advanced calculus / (Record no. 38212)
[ view plain ]
| 000 -LEADER | |
|---|---|
| fixed length control field | 01067nam a2200325 a 4500 |
| 001 - CONTROL NUMBER | |
| control field | 38212 |
| 003 - CONTROL NUMBER IDENTIFIER | |
| rucl marc code | BD-RjUL |
| 005 - DATE AND TIME OF LATEST TRANSACTION | |
| control field | 20211209052741.0 |
| 008 - FIXED-LENGTH DATA ELEMENTS--GENERAL INFORMATION | |
| fixed length control field | 880808s1974 nyua 001 0 eng |
| 020 ## - INTERNATIONAL STANDARD BOOK NUMBER | |
| International Standard Book Number | 9780070990074 |
| 035 ## - SYSTEM CONTROL NUMBER | |
| System control number | 0070843805 |
| 040 ## - CATALOGING SOURCE | |
| Original cataloging agency | CLU |
| Transcribing agency | CLU |
| Modifying agency | m/c |
| Language of cataloging | eng |
| 041 ## - LANGUAGE CODE | |
| Language code of text/sound track or separate title | eng |
| 082 ## - DEWEY DECIMAL CLASSIFICATION NUMBER | |
| Edition number | 22 |
| Classification number | 515 |
| Author mark and year | SPS 1974 |
| 090 ## - LOCALLY ASSIGNED LC-TYPE CALL NUMBER (OCLC); LOCAL CALL NUMBER (OCLC) | |
| Classification number (OCLC) (R) ; Classification number, CALL (RLIN) (NR) | QA303 |
| Local cutter number (OCLC) ; Book number/undivided call number, CALL (RLIN) | .S64 1974 |
| 100 1# - MAIN ENTRY--PERSONAL NAME | |
| Personal name | Spiegel, Murray R. |
| 9 (RLIN) | 118171 |
| 245 10 - TITLE STATEMENT | |
| Title | Schaum's outline of theory and problems of advanced calculus / |
| Statement of responsibility, etc. | by Murray R. Spiegel. |
| 246 18 - VARYING FORM OF TITLE | |
| Title proper/short title | Advanced calculus |
| Title proper/short title | Theory and problems of advanced calculus |
| 250 ## - EDITION STATEMENT | |
| Edition statement | SI (metric) ed. |
| 260 ## - PUBLICATION, DISTRIBUTION, ETC. (IMPRINT) | |
| Place of publication, distribution, etc. | New York ; |
| -- | London : |
| Name of publisher, distributor, etc. | McGraw-Hill, |
| Date of publication, distribution, etc. | c1974. |
| 300 ## - PHYSICAL DESCRIPTION | |
| Pagination | 384 p. : |
| Illustrations | ill. ; |
| Size | 27 cm. |
| 500 ## - GENERAL NOTE | |
| General note | Cover title: Theory and problems of advanced calculus. |
| General note | Includes index. |
| General note | Spine title: Advanced calculus. |
| 650 #0 - SUBJECT ADDED ENTRY--TOPICAL TERM | |
| Topical term or geographic name as entry element | Calculus |
| 9 (RLIN) | 118172 |
| Form subdivision | Outlines, syllabi, etc. |
| Topical term or geographic name as entry element | Calculus |
| Form subdivision | Problems, exercises, etc. |
| 9 (RLIN) | 118173 |
| 830 #0 - SERIES ADDED ENTRY--UNIFORM TITLE | |
| Uniform title | Schaum's outline series. |
| 942 ## - ADDED ENTRY ELEMENTS (KOHA) | |
| Source of classification or shelving scheme | Dewey Decimal Classification |
| Koha item type | Books |
| Lost status | Source of classification or shelving scheme | Damaged status | Not for loan | Permanent Location | Current Location | Shelving location | Date acquired | Source of acquisition | Total Checkouts | Full call number | Date last seen | Date checked out | Copy number | Koha item type |
|---|---|---|---|---|---|---|---|---|---|---|---|---|---|---|
| Dewey Decimal Classification | Central Library, University of Rajshahi | Central Library, University of Rajshahi | 10/04/1997 | Syntex | 1 | 515 SPS 1974 | 14/06/2022 | 07/06/2022 | C-6 | Books |